000
00290nam a2200145Ia 4500
100
_a
Betekhtin/A
650
_a
General
942
_c
BK
654
_a
Minerology
245
_a
A course of minerology
260
_b
Peace publishers
082
_a
549
300
_a
642
546
_a
ENGLISH
999
_c
19245
_d
19245